| 000 | 01033cam a2200301 a 4500 | ||
|---|---|---|---|
| 001 | 4832389 | ||
| 003 | NUST - PNEC | ||
| 005 | 20170116180817.0 | ||
| 008 | 900226s1991 cauaf 001 0 eng | ||
| 010 | _a 90000302 | ||
| 020 | _a0201528096 (hardcover) | ||
| 020 | _a0201528185 (pbk.) | ||
| 040 |
_aDLC _cLIBRARY _dDLC |
||
| 050 | 0 | 0 |
_aQA76.95 _b.G73 1991 |
| 082 | 0 | 0 | _a510.285 GRA |
| 100 | 1 | _aGray, Theodore W. | |
| 245 | 1 | 0 |
_aExploring mathematics with Mathematica : dialogs concerning computers and mathematics / _cTheodore W. Gray, Jerry Glynn. |
| 260 |
_aRedwood City, Calif. : _bAddison-Wesley, _cc1991. |
||
| 300 |
_a535 p., 16 p. of plates : _bill. (some col.) ; _c24 cm. |
||
| 500 | _a"The Advanced book program." | ||
| 500 | _aIncludes index. | ||
| 630 | 0 | 0 |
_aMathematica (Computer file) _xME |
| 650 | 0 |
_aMathematics _xData processing. |
|
| 700 | 1 | _aGlynn, Jerry. | |
| 906 |
_a7 _bcbc _corignew _d1 _eocip _f19 _gy-gencatlg |
||
| 942 |
_2ddc _cBK |
||
| 999 |
_c63568 _d63568 |
||